|
|
|
|
| LEADER |
00000nam a2200000 4500 |
| 001 |
vtls012018263 |
| 003 |
SK-MaSNL |
| 005 |
20260301054623.0 |
| 008 |
220509s2020 xo a grn 001 0 hun |
| 015 |
|
|
|a SNBA2021/06
|
| 020 |
|
|
|a 9788081223518
|q (brožované)
|
| 035 |
|
|
|a urn:nbn:sk:snk-am00gf5c
|
| 035 |
|
|
|a urn:nbn:sk:snk-am3j7m9
|
| 035 |
|
|
|a 27DC479C-C5C9-4DAA-8D83-7521177227C7
|
| 040 |
|
|
|a SNK
|b slo
|c SNK
|e rda
|
| 041 |
0 |
|
|a hun
|b eng
|b slo
|
| 044 |
|
|
|a xo
|c SK
|
| 072 |
|
7 |
|a 327
|x Medzinárodné vzťahy, svetová politika
|2 konspekt
|
| 080 |
|
|
|a 327.54
|2 2011
|
| 080 |
|
|
|a [339.923+327](4)
|2 2011
|
| 080 |
|
|
|a 94(4-11)
|2 2011
|
| 080 |
|
|
|a (048.8)
|2 2011
|
| 100 |
1 |
|
|a Vajda, Barnabás,
|d 1970-
|4 aut
|9 101782
|
| 245 |
1 |
0 |
|a Hidegháború és európai integráció
|c Vajda Barnabás
|
| 250 |
|
|
|a Második, módósított szövegű kiadás
|
| 264 |
|
1 |
|a Komárom
|b Selye János Egyetem, Tanárképző Kar
|c 2020
|
| 300 |
|
|
|a 192 strán
|b tabuľky
|
| 336 |
|
|
|a text
|b txt
|2 rdacontent
|
| 337 |
|
|
|a bez média
|b n
|2 rdamedia
|
| 338 |
|
|
|a zväzok
|b nc
|2 rdacarrier
|
| 366 |
|
|
|e 200 kusov
|
| 504 |
|
|
|a Obsahuje bibliografiu, vecný register
|
| 546 |
|
|
|a Anglické a slovenské resumé
|
| 650 |
0 |
7 |
|a studená vojna (1945-1989)
|2 SNKPH
|9 4805
|
| 650 |
0 |
7 |
|a európska integrácia
|2 SNKPH
|9 2140
|
| 650 |
0 |
7 |
|a Cold war (1945-1989)
|2 SNKPHeng
|9 113098
|
| 650 |
0 |
7 |
|a European integration
|2 SNKPHeng
|9 270357
|
| 651 |
|
7 |
|a Európa východná
|x dejiny
|2 SNKPHgeo
|9 347750
|
| 651 |
|
7 |
|a Europe, Eastern
|x history
|2 SNKPHeng
|9 353067
|
| 655 |
|
7 |
|a monografie
|2 SNKPH
|9 70139
|
| 655 |
|
7 |
|a Monographs
|2 SNKPHeng
|9 120675
|
| 752 |
|
|
|a Slovensko
|d Komárno
|
| 919 |
|
|
|a 978-80-8122-351-8
|
| 958 |
|
|
|a HU
|
| 958 |
|
|
|a NB
|
| 999 |
|
|
|c 611407
|d 613337
|
| 952 |
|
|
|a SNK
|b SNK
|y PREZ
|7 0
|p 17A1450528
|o snkSC 191914
|i snk2021/1672
|8 0
|0 0
|1 0
|4 0
|d 2021-03-16
|f 1
|l 0
|r 2025-10-09 00:00:00
|w 2026-02-23
|
| 952 |
|
|
|a SNK
|b SNK
|y VYP
|7 0
|p 17A1450529
|o snkSC 191914 D1
|i snk2021/1673
|8 0
|0 0
|1 0
|4 0
|d 2021-03-16
|l 0
|r 2026-02-23 16:23:49
|w 2026-02-23
|